|
|
|
|
| LEADER |
00000nab a2200000 a 4500 |
| 001 |
vtls008185214 |
| 003 |
SK-MaSNL |
| 005 |
20260304134742.0 |
| 008 |
250505c2004 xo mr|p|||||||000 b|slo |
| 015 |
|
|
|a SNBRB2005/06
|
| 035 |
|
|
|a (uuid)48234303-1df0-4358-9d94-26cff0a263c0
|
| 035 |
|
|
|a urn:nbn:sk:snk-ab273j
|
| 035 |
|
|
|a (urnnbn)urn:nbn:sk:snk:ar-a01se3
|
| 038 |
|
|
|a SNKBUCL
|
| 040 |
|
|
|a SNKBUCL
|b slo
|c SNKBUCL
|e AACR2
|
| 041 |
0 |
|
|a slo
|
| 044 |
|
|
|a xo
|c SK
|
| 080 |
|
|
|a 346.545
|2 1997
|
| 080 |
|
|
|a 347.776
|2 1997
|
| 100 |
1 |
|
|a Luby, Rastislav
|4 aut
|9 1453077
|
| 245 |
1 |
0 |
|a Reforma pravidiel vynútiteľnosti európskeho súťažného práva
|c Rastislav Luby
|
| 504 |
|
|
|a Bibliogr. odkazy
|
| 650 |
0 |
7 |
|a súťažné právo
|2 snkbucl
|9 1453078
|
| 650 |
0 |
7 |
|a hospodárska súťaž
|2 snkbucl
|9 2280
|
| 650 |
0 |
7 |
|a právo hospodárskej súťaže
|2 snkbucl
|9 4311
|
| 650 |
0 |
7 |
|a európske právo
|2 snkbucl
|9 4431
|
| 773 |
0 |
|
|t Bulletin slovenskej advokácie
|g Roč. X., č. 5 (2004), s. 56-64
|x 1335-1079
|
| 850 |
|
|
|a Slovenská národná knižnica
|
| 852 |
|
|
|a Slovenská národná knižnica
|
| 954 |
|
|
|a odborná, vedecká literatúra pôvodná (slovenská)
|2 lita
|
| 958 |
|
|
|a article2022
|
| 958 |
|
|
|a NB
|
| 958 |
|
|
|a OND
|
| 958 |
|
|
|a EUIPO
|
| 999 |
|
|
|c 2907992
|d 2909922
|